History Quiz

Random History or Clickable Quiz
Score 0/32 Timer 08:00
2 Plays Today
% Correct
Genghis
97.6%
Marco
97.6%
Notre
96.9%
Oxford
96.5%
Magna
96.2%
Black
94.9%
Canterbury
92.7%
Silk
91.5%
Knights
90.7%
Pope
88.9%
William
88.7%
Leif
85.8%
Flying
80.3%
Thomas
79.6%
El
78.6%
Dante
73.3%
% Correct
Hagia
73.3%
Illuminated
71.8%
Golden
68.3%
Hanseatic
67.2%
Bayeux
62.9%
Abu
60.3%
Mansa
55.6%
Abbasid
54.1%
Frederick
53.9%
Alexander
52.4%
Charles
49%
Varangian
48.9%
Shen
48.3%
Snorri
39.9%
Margery
32.4%
Prose
24.9%
Remove Ads.
Support Sporcle.
Get the best of Sporcle when you Go Orange. This ad-free experience offers more features, more stats, and more fun while also helping to support Sporcle. Thank you for becoming a member.

You're not logged in!

Compare scores with friends on all Sporcle quizzes.
OR
Log In

Show Comments

Extras

Top Quizzes Today


Score Distribution

Your Account Isn't Verified!

In order to create a playlist on Sporcle, you need to verify the email address you used during registration. Go to your Sporcle Settings to finish the process.

Report this User

Report this user for behavior that violates our Community Guidelines.

Details: